MARC

Tag First Indicator Second Indicator Subfields
LEADER 00000cam a2200000 a 4500
001 in00002003142
005 20151031142910.0
008 850412s1983 sp a bm f001 0 spa
010 |a  84207736  
020 |a 848619203X 
035 |a (OCoLC)ocm11014772 
040 |a DLC  |c DLC  |d MUQ  |d OCLCQ  |d TXA  |d UtOrBLW 
049 |a TXAM 
050 0 0 |a PQ6437.T73  |b Z64 1983 
082 0 |a 861/.2  |2 19 
100 1 |a Díez Garretas, María Jesús. 
245 1 3 |a La obra literaria de Fernando de la Torre /  |c Ma. Jesús Díez Garretas. 
264 1 |a [Valladolid] :  |b Universidad de Valladolid, Secretariado de Publicaciones,  |c 1983. 
300 |a 393 pages :  |b illustrations ;  |c 25 cm. 
336 |a text  |b txt  |2 rdacontent 
337 |a unmediated  |b n  |2 rdamedia 
338 |a volume  |b nc  |2 rdacarrier 
502 |b doctoral  |c Universidad de Valladolid  |d 1981. 
504 |a Includes bibliographical references and indexes. 
536 |a From the Biblioteca Asensio, April 2004. 
600 1 0 |a Torre, Fernando de la,  |d approximately 1416-approximately 1475  |x Criticism and interpretation. 
600 1 6 |a Torre, Fernando de la,  |d ca 1416-ca 1475  |x Critique et interprétation. 
700 1 2 |a Torre, Fernando de la,  |d approximately 1416-approximately 1475.  |t Works.  |k Selections.  |f 1983. 
948 |a cataloged  |b h  |c 2004/11/19  |d c  |e rdavis  |f 7:44:11 am 
994 |a E0  |b TXA 
999 |a MARS 
999 f f |s ccea8321-f778-36b1-b052-1d79f6ac85fa  |i 93574ec3-d621-39d6-99a5-a905442dc75b  |t 0 
952 f f |p ric  |a Texas A&M University  |b Rellis Campus  |c Joint Library Facility  |d Remote Storage  |t 0  |e PQ6437.T73 Z64 1983  |h Library of Congress classification  |i unmediated -- volume  |m A14831635356 
998 f f |a PQ6437.T73 Z64 1983  |t 0  |l Remote Storage